| 000 | 00671nam a2200253Ia 4500 | ||
|---|---|---|---|
| 003 | OSt | ||
| 005 | 20221007104131.0 | ||
| 006 | a|||||r|||| 00| 0 | ||
| 007 | ta | ||
| 008 | 221006b |||||||| |||| 00| 0 eng d | ||
| 020 | _a0195692357 | ||
| 024 | _a15,005 | ||
| 037 | _cTextual | ||
| 040 |
_aLCO _cLCO _beng |
||
| 041 |
_2eng _aeng |
||
| 082 | _aZOaR4, L9 | ||
| 100 | _aRaz Joseph | ||
| 245 | 0 |
_aAuthority of Law _b Essays on Law and Morality |
|
| 260 |
_aNew _bDelhi Oxford Univeristy Press India _c1979 |
||
| 300 | _a292 | ||
| 650 |
_aAUTHORITY OF LAW _9705713 |
||
| 942 |
_hZOaR4, L9 _cTEXL |
||
| 999 |
_c1184568 _d1184568 |
||